01237cam a2200289 a 4500999001700000001000900017005001700026008004100043010001700084020001900101020001600120035002400136040003000160050002300190100002300213245005600236260005200292300004000344500013500384504004900519600005900568600006500627710004800692906004500740942003500785952012700820 c22205d222051587477520170123153402.0090820s2009 nyua bc 000 0 eng  a 2009034535 a9781588393449  a1588393445  a(OCoLC)ocn432444257 aDLCcDLCdTXKAMdCLEdDLC00aND653.V5bA75 20091 aLiedtke, Walter A.14aThe Milkmaid by Johannes Vermeer /cWalter Liedtke. aNew York :bMetropolitan Museum of Art,cc2009. a36 p. :bill. (some col.) ;c28 cm. aIssued in conjunction with the exhibition held at The Metropolitan Museum of Art, New York, from September 9 to November 29, 2009. aIncludes bibliographical references (p. 36).10aVermeer, Johannes,d1632-1675.tMilkmaidvExhibitions.10aVermeer, Johannes,d1632-1675xCriticism and interpretation.2 aMetropolitan Museum of Art (New York, N.Y.) a7bcbccorignewd1eecipf20gy-gencatlg 2lcccBOOKShND 653 .V5A75 2000 00102lcc4070aMUCbMUCcTECHd2017-01-23eDonation (B.F.A)l0oND 653 .V5A75 2000p31586r2018-05-31w2017-01-23yBOOKS